000 00682cam a22002291 4500
001 af 48003320
003 DLC
005 20260227110901.0
008 900315s1944 gw 000 0 ger c
010 _aaf 48003320
035 _a(OCoLC)21218589
040 _aCalifornia Univ. Libr.
_cCU
_dDLC
041 1 _ager
_hswe
042 _apremarc
050 0 0 _aPT9875.Z4
_bC6
100 1 _aZetterström, Hasse,
_d1877-1946.
245 1 0 _aCocktail in bunt, Gemixtes.
_c[Aus dem Schwedischen übertragen von A. Eskil Avenstrup]
250 _aFeldpost-Ausgabe.
260 _aBerlin,
_bBuchwarte-Verlag
_c[1944]
300 _a110 p.
_c19 cm.
700 1 _aAvenstrup, Åge Eskil,
_d1876-
_etr.
999 _c5515
_d5515